000 01001nam a22002537a 4500
005 20170124102954.0
010 _aA-576864
020 _c35.00
035 _aA-576864
037 _bCen Lib/Ret
040 _aDPL
_bHN
082 _a
_bशर्माम
100 _aशर्मा, माखनलाल
_952694
245 _aप्रतीक्षा में खड़े लोग /
_cमाखनलाल शर्मा
246 _aPratiksha main khade log /
_bby Makhanlal Sharma
260 _a दिल्ली
_bशब्द और शब्द
_c1991
270 _b दिल्ली
_aडी 118 अशोक विहार
_e110052
300 _a115पृ.
_c16सेमी(सजिल्द )
650 _aहिंदी साहित्य
_x
_z
_952695
650 _aहिंदी कहानियां
_92082
650 _aHindi literature
_v
_952696
650 _aHindi stories
_952697
942 _2ddc
_cHN
_h
_mशर्माम
999 _c113534
_d113534